[Event "Katowice op"]
[Site "Katowice"]
[Date "1991.??.??"]
[Round "2"]
[White "Berezjuk, Sergej"]
[Black "Vasilchenko, Oleg"]
[Result "1/2-1/2"]
[WhiteElo "2335"]
[BlackElo "2455"]

1.e4 c5 2.Nf3 d6 3.Bb5+ Bd7 4.Bxd7+ Qxd7 5.c4 g6 6.Nc3 Bg7 7.d4 cxd4 8.Nxd4 Nc6
9.a3 Nf6 10.f3 O-O 11.Nde2 e6 12.O-O Rad8 13.Bg5 h6 14.Bxf6 Bxf6 15.Qd2 Kh7
16.Rad1 Qc7 17.Kh1 a6 18.f4 Ne7 19.b3 Bg7 20.Rf3 f5 21.Rd3 fxe4 22.Nxe4 d5
23.N4c3 d4 24.Nxd4 Qxf4 25.Qxf4 Rxf4 26.Nf3 Rxd3 27.Rxd3 Nc6 28.Ne2 Rf7 29.Rd6  1/2-1/2

[Event "JUG-ch"]
[Site "Kladovo"]
[Date "1991.??.??"]
[Round "6"]
[White "Zakic, Srdjan"]
[Black "Ristic, Nebojsa"]
[Result "1/2-1/2"]
[WhiteElo "2350"]
[BlackElo "2410"]

1.e4 c5 2.Nf3 d6 3.Bb5+ Bd7 4.Bxd7+ Qxd7 5.O-O Nc6 6.Re1 Nf6 7.d3 e6 8.Nbd2 Be7
9.b3 O-O 10.Bb2 Ne8 11.Nf1  1/2-1/2

[Event "JUG-ch"]
[Site "Kladovo"]
[Date "1991.??.??"]
[Round "7"]
[White "Cvorovic, Marto"]
[Black "Arsovic, Goran"]
[Result "1/2-1/2"]
[WhiteElo "2285"]
[BlackElo "2340"]

1.e4 c5 2.Nf3 d6 3.Bb5+ Bd7 4.Bxd7+ Nxd7 5.O-O Ngf6 6.Re1 Rc8 7.d4 cxd4 8.Qxd4 a6
9.Nc3 e6 10.Bg5 Be7 11.Rad1 O-O 12.h3 Qc7 13.Bh4 b5 14.Bg3 e5 15.Qb4 Qb7
16.Bh4 Rc4 17.Qa3 Re8 18.Bxf6 Nxf6 19.Qb3 Nxe4 20.Nd5 Nc5 21.Qe3 Re4 22.Qd2 Rxe1+
23.Rxe1 Bf8 24.Nh4 e4 25.Nf5 Re5 26.Nde3 Qd7 27.g4 g6 28.Ng3 Bh6 29.Rd1 Bxe3
30.fxe3 d5 31.Ne2 Ne6 32.Qc3 Ng5 33.Kg2 Nf3 34.Nd4 Nxd4 35.Qxd4 Qe6 36.Rf1 h5
37.Kg3 Qd6 38.Kg2 Qe6 39.Kg3 Qe7 40.a4 bxa4 41.Qxa4 Qc7 42.Kg2 Qc8 43.Kg3 Qb8
44.Kg2 Qc8 45.Kg3 Qc7 46.Kg2 Rg5 47.Rf4 hxg4 48.Qe8+ Kg7 49.hxg4 Qxc2+ 50.Kh3 Qc7
51.b4 f5 52.gxf5 gxf5 53.Kh4 Rg6 54.Kh5 Rg3 55.b5 axb5 56.Rg4+ fxg4 57.Qe7+  1/2-1/2

[Event "JUG-ch"]
[Site "Kladovo"]
[Date "1991.??.??"]
[Round "13"]
[White "Cvorovic, Marto"]
[Black "Nikolic, Stanimir"]
[Result "0-1"]
[WhiteElo "2285"]
[BlackElo "2325"]

1.e4 c5 2.Nf3 d6 3.Bb5+ Bd7 4.Bxd7+ Qxd7 5.c4 Nc6 6.O-O g6 7.Nc3 Bg7 8.d3 e6
9.Be3 Nge7 10.d4 cxd4 11.Nxd4 O-O 12.Qd2 Rfd8 13.Rad1 Ne5 14.b3 Ng4 15.Bg5 h6
16.Bh4 a6 17.h3 Ne5 18.f4 N5c6 19.Nxc6 bxc6 20.e5 d5 21.Ne4 Qc7 22.Nd6 Rf8
23.c5 f6 24.g4 fxe5 25.fxe5 g5 26.Bg3 Ng6 27.Qd3 Kh7 28.b4 a5 29.a3 axb4
30.axb4 Qa7 31.Kg2 Qa4 32.Rxf8 Rxf8 33.Rb1 Qa2+ 34.Kh1 Rf3 35.Qxf3 Qxb1+
36.Kg2 Qxb4 37.Qf7 Qb2+ 38.Kh1 Qc1+ 39.Kg2 Qd2+ 40.Kh1 Qd1+ 41.Kg2 Qe2+ 42.Kh1 Nxe5
43.Qxe6 Qf1+  0-1

[Event "Kobanya op"]
[Site "Kobanya"]
[Date "1991.??.??"]
[Round "11"]
[White "Pacl, Vaclav"]
[Black "Madl, Ildiko"]
[Result "1/2-1/2"]
[WhiteElo "2230"]
[BlackElo "2380"]

1.e4 c5 2.Nf3 d6 3.Bb5+ Nc6 4.O-O Bd7 5.c3 Nf6 6.Re1 a6 7.Ba4 c4 8.Bc2 g6
9.b3 cxb3 10.axb3 Bg7 11.d4 O-O 12.Nbd2 b5 13.Nf1 Qc7 14.Ne3 e6 15.Bd3 Qb6
16.Bb2 Rfe8 17.c4 Nb4 18.Bb1 d5 19.cxd5 exd5 20.e5 Ng4 21.Nc2 Nxc2 22.Bxc2 Nh6
23.Qd2 a5 24.Qf4 Nf5 25.h3 Bh6 26.Qh2 Ne7 27.Bc1 Bg7 28.Qf4 Nc6 29.Qh4 Rac8
30.Bh6 Nxd4 31.Ng5 Rxc2 32.Bxg7 h5 33.Qf4 Bf5 34.Bf6 Ne2+ 35.Rxe2 Rxe2 36.Rf1 Qc7
37.Nf3 Kh7 38.Ng5+ Kg8 39.Nf3 Kh7 40.Ng5+  1/2-1/2

[Event "Krasnodar"]
[Site "Krasnodar"]
[Date "1991.??.??"]
[Round "?"]
[White "Bus, Mariusz"]
[Black "Zhukhovitsky, Samuel"]
[Result "1/2-1/2"]
[WhiteElo "2420"]
[BlackElo "2460"]

1.e4 c5 2.Nf3 d6 3.Bb5+ Bd7 4.Bxd7+ Nxd7 5.O-O Ngf6 6.Qe2 e5 7.c3 Be7 8.d4 O-O
9.dxe5 dxe5 10.Nbd2 Qc7 11.a4 g6 12.Nc4 Nh5 13.Bh6 Rfe8 14.Rfd1 Rad8 15.Rd2 Nf4
16.Qf1 Ne6 17.Rad1 f6 18.Ne3 Kf7 19.a5 Qc6 20.Nc4 Kg8 21.Ne3 Bf8 22.Bxf8 Ndxf8
23.Nd5 Kg7 24.h4 c4 25.h5 b5 26.axb6 axb6 27.Nh2 b5 28.Ng4 Nd7 29.h6+ Kh8
30.Ndxf6 Nxf6 31.Nxf6 Rxd2 32.Rxd2 Rf8 33.Nd7 Re8 34.Nxe5 Qxe4 35.Nf7+ Kg8
36.Nd6 Qf4 37.Qe1 Re7 38.Nxb5 Kf8 39.Re2 Qxh6 40.Nc7 Rxc7 41.Rxe6 Qg5 42.Qd1 Kf7
43.Re3 Qc5 44.Qd8 Kg7 45.Qe8 Rb7 46.Rf3 Ra7 47.g3 h5 48.Qe6 Re7 49.Qf6+ Kh7
50.Kg2 Rc7 51.Kh2 Qc6 52.Qf8 Qe6 53.Rf4 Rb7 54.Rf6 Qe7 55.Qxe7+ Rxe7 56.Rb6 g5
57.Kg2 Re2 58.Kf3 Rc2 59.Ke3 Kg7 60.Rb4 Kg6 61.Rxc4 Rxb2 62.Rc6+ Kf5 63.Rc5+ Kg6
64.Kf3 Rc2 65.c4 Rc3+ 66.Kg2 Rc2 67.Rc8 h4 68.c5 Kf7 69.c6 Ke7 70.Rc7+ Kd6
71.Rc8 Ke7 72.g4 Rc4 73.f3 Rc2+ 74.Kg1 Kf7 75.c7 Kg7 76.Kh1  1/2-1/2

[Event "Krasnodar"]
[Site "Krasnodar"]
[Date "1991.??.??"]
[Round "?"]
[White "Bus, Mariusz"]
[Black "Yuferov, Sergey  N"]
[Result "1/2-1/2"]
[WhiteElo "2420"]
[BlackElo "2395"]

1.e4 c5 2.Nf3 d6 3.Bb5+ Bd7 4.Bxd7+ Nxd7 5.O-O Ngf6 6.Qe2 e6 7.c3 Be7 8.d4 O-O
9.e5 Nd5 10.c4 Nb4 11.a3 Nc6 12.exd6 Bxd6 13.dxc5 Bxc5 14.b4 Nd4 15.Qd3 Nxf3+
16.Qxf3 Bd4  1/2-1/2

[Event "Krumbach op"]
[Site "Krumbach"]
[Date "1991.??.??"]
[Round "2"]
[White "Fette, Martin"]
[Black "Aseev, Konstantin N"]
[Result "0-1"]
[WhiteElo "2375"]
[BlackElo "2515"]

1.e4 c5 2.Nf3 d6 3.Bb5+ Bd7 4.Bxd7+ Qxd7 5.O-O Nf6 6.e5 dxe5 7.Nxe5 Qd6 8.Nc4 Qd7
9.Ne5 Qd6 10.Nc4 Qd8 11.Nc3 Nc6 12.d3 e6 13.Bg5 Be7 14.Re1 O-O 15.Ne5 Nxe5
16.Rxe5 Nd7 17.Bxe7 Qxe7 18.Re3 Rad8 19.Qf3 Nf6 20.Rae1 Qc7 21.Qh3 Qb6 22.b3 Qa5
23.Na4 Rd5 24.Qg3 h6 25.c4 Rd4 26.h3 Rfd8 27.Rd1 b6 28.Qe5 Nd7 29.Qc7 Nf8
30.a3 Ng6 31.g3 R4d7 32.Qc6 Ne7  0-1

[Event "Krumbach op"]
[Site "Krumbach"]
[Date "1991.??.??"]
[Round "6"]
[White "Fette, Martin"]
[Black "Lukov, Valentin"]
[Result "1/2-1/2"]
[WhiteElo "2375"]
[BlackElo "2445"]

1.e4 c5 2.Nf3 d6 3.Bb5+ Bd7 4.Bxd7+ Qxd7 5.O-O e6 6.c3 Nf6 7.Qe2 Nc6 8.d4 cxd4
9.cxd4 d5 10.e5 Ne4 11.Be3 Be7 12.Ne1 f6 13.f3 Ng5 14.Nd3 Nf7 15.f4 f5 16.Nc3 O-O
17.a3 b6 18.b4 Rfc8 19.Rfc1 Ncd8 20.Nb2 Rc6 21.Qa6 Qc8 22.Qxc8 Raxc8 23.Nb5 Rxc1+
24.Rxc1 Rxc1+ 25.Bxc1 Nc6 26.Be3 Bd8 27.Nd3 Kf8 28.Kf2 Ke7 29.Ke2 Kd7 30.Kd2 Be7
31.Kc2 h6 32.Nc3 g5 33.g3 Nh8 34.Ne2 Ng6 35.h3 Nd8 36.Kb3 Kc6 37.a4 a6 38.Bd2 Kd7  1/2-1/2

[Event "Krumbach op"]
[Site "Krumbach"]
[Date "1991.??.??"]
[Round "8"]
[White "Fette, Martin"]
[Black "Gallagher, Joseph G"]
[Result "0-1"]
[WhiteElo "2375"]
[BlackElo "2520"]

1.e4 c5 2.Nf3 d6 3.Bb5+ Bd7 4.Bxd7+ Nxd7 5.O-O Ngf6 6.Qe2 e6 7.b3 Be7 8.Bb2 O-O
9.c4 a6 10.d4 cxd4 11.Nxd4 Rc8 12.Nc3 Qc7 13.Rad1 Rfe8 14.f4 Bf8 15.Kh1 Qa5
16.Rd3 g6 17.Nf3 Nh5 18.g3 b5 19.cxb5 axb5 20.e5 d5 21.Nd4 b4 22.Na4 Qa6
23.g4 Ng7 24.Nf3 Rc7 25.Rg1 Rec8 26.Nd4 Nc5 27.Nxc5 Bxc5 28.f5 Bxd4 29.Bxd4 exf5
30.e6 Nxe6 31.Be5 Rc2 32.Qf3 fxg4 33.Qf6 Kf8 34.Rxd5 Nc7 35.Bd6+ Kg8 36.Rf5  0-1

[Event "Lippstadt"]
[Site "Lippstadt"]
[Date "1991.??.??"]
[Round "1"]
[White "Bosboom, Manuel"]
[Black "Hoffmann, Michael"]
[Result "1-0"]
[WhiteElo "2480"]
[BlackElo "2370"]

1.e4 c5 2.Nf3 d6 3.Bb5+ Bd7 4.Bxd7+ Qxd7 5.O-O Nc6 6.c3 Nf6 7.d4 Nxe4 8.d5 Ne5
9.Re1 Nxf3+ 10.Qxf3 Nf6 11.Na3 e5 12.dxe6 fxe6 13.Bg5 Be7 14.Rad1 O-O-O 15.Nc4 Rhf8
16.Qe2 d5 17.Nd2 Bd6 18.Qxe6 h6 19.Bxf6 Rxf6 20.Qxd7+ Rxd7 21.g3 c4 22.Kg2 Rdf7
23.Re2 Bc5 24.f4 g5 25.Nf3 gxf4 26.Rxd5 b6 27.Re8+ Kc7 28.g4 Rd7 29.Rxd7+ Kxd7
30.Re4 b5 31.h4 Be3 32.Nd4 Ra6 33.a3 Rd6 34.Kf3 Bc1 35.Re2 Rd5 36.Rc2 Be3
37.Nf5 Bb6 38.Kxf4 Rd3 39.g5 Bc7+ 40.Kg4 hxg5 41.hxg5 Rd1 42.Rg2 Be5 43.g6 Ke6
44.g7 Kf7 45.Kf3  1-0

[Event "ESP-ch"]
[Site "Lleida"]
[Date "1991.??.??"]
[Round "1"]
[White "Celaya, JM."]
[Black "Estremera Panos, Sergio"]
[Result "0-1"]
[WhiteElo "2200"]
[BlackElo "2300"]

1.e4 c5 2.Nf3 d6 3.Bb5+ Nd7 4.O-O Nf6 5.d3 e6 6.Nc3 Be7 7.Ne2 O-O 8.Ng3 a6
9.Ba4 b5 10.Bb3 Bb7 11.c3 Re8 12.Bc2 g6 13.d4 Qc7 14.Ng5 Rac8 15.Bb1 e5 16.d5 Bf8
17.f4 exf4 18.Bxf4 Bg7 19.Bc2 h6 20.Nf3 Ng4 21.h3 Nge5 22.h4 Nxf3+ 23.Qxf3 Ne5
24.Bxe5 Rxe5 25.h5 Qe7 26.Rf2 Rf8 27.Raf1 b4 28.Qd3 bxc3 29.bxc3 c4 30.Qxc4 Qh4
31.Qd3 Rg5 32.Rf3 Be5 33.Kf2 Rxh5 34.Ke2 Rg5 35.Rh1 Qg4 36.Rh3 h5 37.Ke1 Bc8
38.Bd1 Qd7 39.Kf1 Qe7 40.Nf5 gxf5 41.exf5 f6 42.Rf2 Qg7 43.Bxh5 Rg3 44.Rxg3 Qxg3
45.Rf3 Qg5 46.Bg6 Bd7 47.Qxa6 Qc1+ 48.Kf2 Qb2+ 49.Kg1 Bb5 50.Bf7+ Kg7  0-1

[Event "URS-ESP mT"]
[Site "Logrono"]
[Date "1991.??.??"]
[Round "?"]
[White "Rivas Pastor, Manuel"]
[Black "Epishin, Vladimir"]
[Result "1-0"]
[WhiteElo "2450"]
[BlackElo "2615"]

1.e4 c5 2.Nf3 d6 3.Bb5+ Bd7 4.c4 Nc6 5.Nc3 Nf6 6.d4 cxd4 7.Nxd4 g6 8.f3 Nxd4
9.Bxd7+ Qxd7 10.Qxd4 Bg7 11.Qd3 O-O 12.O-O Rfc8 13.Bd2 Ne8 14.Rac1 Nc7 15.b3 Rab8
16.a4 Ne6 17.Be3 b6 18.Nd5 Nc7 19.Nb4 Bb2 20.Rcd1 Ba3 21.Nc2 Bc5 22.Kh1 Bxe3
23.Nxe3 Ne6 24.Ng4 h5 25.Ne3 Nc5 26.Qb1 Qe6 27.Nd5 Rb7 28.Rde1 a6 29.f4 b5
30.f5 Qe5 31.cxb5 axb5 32.axb5 e6 33.fxe6 fxe6 34.b4 exd5 35.exd5 Qxd5 36.bxc5 dxc5
37.Rf6 Rg7 38.Rxg6 Rf8 39.b6 c4 40.Re7 Rf1+ 41.Qxf1 Rxg6 42.b7  1-0

[Event "London WFW"]
[Site "London"]
[Date "1991.??.??"]
[Round "?"]
[White "King, Daniel J"]
[Black "Sadler, Matthew"]
[Result "1-0"]
[WhiteElo "2545"]
[BlackElo "2440"]

1.e4 c5 2.Nf3 d6 3.Bb5+ Nc6 4.O-O Bd7 5.c3 Nf6 6.Re1 a6 7.Bf1 Bg4 8.h3 Bxf3
9.Qxf3 g6 10.Qd1 Bh6 11.a4 O-O 12.Na3 Rb8 13.Nc2 e5 14.b4 cxb4 15.cxb4 d5
16.b5 axb5 17.axb5 Na5 18.Ba3 Re8 19.Bb4 b6 20.d3 Bg7 21.Qb1 Rc8 22.Ra2 Nb7
23.Ra7 Nd6 24.Bxd6 Qxd6 25.Nb4 Ra8 26.Rxa8 Rxa8 27.Nc6 Kf8 28.Be2 Ra3 29.Bf3 d4
30.Be2 Bh6 31.Qb2 Nd7 32.Ra1 Rc3 33.Ra7 Rc1+ 34.Bf1 Nc5 35.Qa2 Ne6 36.g3 Rc5
37.Qa6 Ng5 38.Ra8+ Kg7 39.Qc8 Nf3+ 40.Kg2 Be3 41.Qh8+ Kh6 42.Kxf3  1-0

[Event "Wch U20"]
[Site "Mamaia"]
[Date "1991.??.??"]
[Round "?"]
[White "Bezold, Michael"]
[Black "Livshits, Ron"]
[Result "0-1"]
[WhiteElo "2355"]
[BlackElo "2225"]

1.e4 c5 2.Nf3 d6 3.Bb5+ Nd7 4.O-O a6 5.Bxd7+ Bxd7 6.d4 cxd4 7.Qxd4 Nf6 8.Bg5 h6
9.Bxf6 gxf6 10.Nc3 e6 11.Rfe1 Be7 12.Rad1 Rc8 13.Re3 Rg8 14.Qd2 Rc5 15.Rde1 Bc6
16.Nd5 exd5 17.b4 d4 18.Nxd4 Rcg5 19.g3 Kf8 20.Nf5 Qd7 21.h4 Rg4 22.Nxh6 Rxh4
23.Nxg8 Rh8 24.f3 Rxg8 25.Kg2 f5 26.exf5 Qxf5 27.b5 axb5 28.Ra3 Rg6 29.Ra8+ Kg7
30.Rf1 Qg4 31.Qf2 Bh4 32.Qe1 Bxg3  0-1

[Event "Wch U20"]
[Site "Mamaia"]
[Date "1991.??.??"]
[Round "?"]
[White "Bologan, Viktor"]
[Black "Akopian, Vladimir"]
[Result "0-1"]
[WhiteElo "2535"]
[BlackElo "2590"]

1.e4 c5 2.Nf3 d6 3.Bb5+ Nc6 4.Bxc6+ bxc6 5.O-O e5 6.c3 Bg4 7.h3 Bh5 8.d3 Be7
9.Nbd2 Nf6 10.Qa4 Qd7 11.d4 exd4 12.cxd4 cxd4 13.Nxd4 Rc8 14.Nf5 O-O 15.b3 Rfe8
16.Bb2 Bg6 17.Nxe7+ Qxe7 18.Rfe1 Nh5 19.Qd4 c5 20.Qc3 Qf8 21.e5 dxe5 22.Rxe5 Nf4
23.Qf3 Nd3 24.Rxe8 Rxe8 25.Nc4 Qe7 26.Bc3 Qe2 27.Qxe2 Rxe2 28.Rd1 Rc2 29.Be1 h6
30.a3 a6 31.Bd2 f5 32.Bxh6 Rc3 33.Bg5 Rxb3 34.a4 Bf7 35.Nd6 Be6 36.f4 c4
37.Rd2  0-1

[Event "Wch U20"]
[Site "Mamaia"]
[Date "1991.??.??"]
[Round "?"]
[White "Bologan, Viktor"]
[Black "Istratescu, Andrei"]
[Result "1/2-1/2"]
[WhiteElo "2535"]
[BlackElo "2420"]

1.e4 c5 2.Nf3 d6 3.Bb5+ Nd7 4.O-O Nf6 5.Re1 a6 6.Bf1 b6 7.d4 cxd4 8.Nxd4 Bb7
9.Nc3 e6 10.g4 h6 11.Bg2 Qc7 12.f4 O-O-O 13.a4 Kb8 14.a5 b5 15.Be3 b4 16.Ncb5 axb5
17.Nxb5 Qc6 18.Na7 Qc7 19.a6 Bxe4 20.Nb5 Qc6 21.Nd4 Qc7 22.Nb5 Qc6 23.Nd4  1/2-1/2

[Event "Wch U20"]
[Site "Mamaia"]
[Date "1991.??.??"]
[Round "?"]
[White "Ulibin, Mikhail"]
[Black "Istratescu, Andrei"]
[Result "1-0"]
[WhiteElo "2565"]
[BlackElo "2420"]

1.e4 c5 2.Nf3 d6 3.Bb5+ Bd7 4.Bxd7+ Qxd7 5.O-O Nf6 6.e5 dxe5 7.Nxe5 Qc7 8.d4 e6
9.Bf4 Bd6 10.Na3 Bxe5 11.Bxe5 Qc6 12.Nc4 cxd4 13.Qxd4 Nbd7 14.Nd6+ Ke7 15.Bg3 Rhd8
16.Qb4 Qc5 17.Qb3 Qd5 18.c4 Qc6 19.Nxb7 Nc5 20.Nxd8 Rxd8 21.Qa3  1-0

[Event "Melbourne Masters"]
[Site "Melbourne"]
[Date "1991.??.??"]
[Round "5"]
[White "Levi, Eddy"]
[Black "Danailov, Silvio"]
[Result "0-1"]
[WhiteElo "2300"]
[BlackElo "2475"]

1.e4 c5 2.Nf3 d6 3.Bb5+ Bd7 4.Bxd7+ Qxd7 5.O-O Nc6 6.c3 Nf6 7.Re1 e6 8.d4 cxd4
9.cxd4 d5 10.e5 Ne4 11.Nc3 Nxc3 12.bxc3 Be7 13.Ng5 h6 14.Qh5 Bd8 15.f4 g6
16.Qh3 Ba5 17.Bb2 O-O-O 18.Nf3 Kb8 19.Red1 Ne7 20.Nd2 Qa4 21.Nb3 Bb6 22.Qh4 Nf5
23.Qf2 h5 24.Qd2 Rc8 25.Qc1 Rc4 26.Ba3 Rhc8 27.Bc5 Ba5 28.Rd3 b6 29.Qb2 Ka8
30.Rb1 Qb5 31.Nxa5 Qxa5 32.Bb4 Qb5 33.Qa3 R4c6 34.Rf3 Qe2 35.Rf2 Qd3 36.Qb2 Ne3
37.Rf3 Qe4 38.Re1 Nc4 39.Qf2 Qf5 40.h3 a5 41.Bd6 Nxd6 42.exd6 Rxd6 43.Qe2 Ka7
44.Qe5 Rdc6 45.Qg7 Rxc3 46.Re5 Qb1+ 47.Rf1 Rc1 48.Qxf7+ Ka6 49.Rxc1 Rxc1+
50.Kf2 h4 51.Qxe6 Rf1+ 52.Ke3 Qc1+ 53.Ke2 Qc4+ 54.Ke3 Qc3+ 55.Ke2 Re1+ 56.Kf2 Qg3+  0-1

[Event "Miedzybrodzie op"]
[Site "Miedzybrodzie"]
[Date "1991.??.??"]
[Round "4"]
[White "Gizynski, Tomasz"]
[Black "Lukin, Andrei M"]
[Result "1/2-1/2"]
[WhiteElo "2335"]
[BlackElo "2460"]

1.e4 c5 2.Nf3 d6 3.Bb5+ Nc6 4.O-O Bd7 5.Re1 Nf6 6.c3 a6 7.Bxc6 Bxc6 8.d4 Bxe4
9.Bg5 d5 10.Nbd2 Bg6 11.dxc5 e6 12.Bxf6 gxf6 13.Qa4+ Qd7 14.Qh4 Be7 15.Rad1 Qc6
16.Nb3 Rd8 17.c4 dxc4 18.Rxd8+ Bxd8 19.Qxc4 O-O 20.Nfd4 Qc7 21.Nc1 Be7 22.b4 Rd8
23.Ncb3 e5 24.Nf3 Qd7 25.h3 Bf8 26.Na5 Kh8 27.Nh4 Bd3 28.Qg4 f5 29.Qh5 Bg7
30.Nf3 f6 31.Nh4 Be4 32.Qe2 Qd4 33.a3 Bh6 34.c6 bxc6 35.Nxf5 Bxf5 36.Nxc6 Qd7
37.Nxd8 Qxd8 38.Qh5 Qd2 39.Rd1 Bg6 40.Rxd2 Bxh5 41.Rd6 Be2 42.Rxf6 Bc1 43.Re6 Bxa3
44.Rxe5 Bb5 45.Re4 Kg7 46.f3 Kf6 47.Kf2 Bb2 48.Ke3 Bc1+ 49.Kd4 Bd2 50.Kd5 Bf1
51.Rd4 Bc3 52.Rf4+ Ke7 53.Re4+ Kf7 54.Rf4+ Ke7 55.Re4+ Kf7  1/2-1/2

[Event "Mondorf op"]
[Site "Mondorf"]
[Date "1991.??.??"]
[Round "3"]
[White "Berend, Fred"]
[Black "King, Daniel J"]
[Result "0-1"]
[WhiteElo "2300"]
[BlackElo "2505"]

1.e4 c5 2.Nf3 d6 3.Bb5+ Bd7 4.Bxd7+ Nxd7 5.O-O Ngf6 6.Qe2 Rc8 7.c4 g6 8.Nc3 Bg7
9.b3 O-O 10.Bb2 Ne8 11.d3 Nc7 12.Rad1 e5 13.Ne1 Ne6 14.Nd5 Nb6 15.Nxb6 Qxb6
16.g3 Qa5 17.Qc2 f5 18.exf5 gxf5 19.Bc3 Qc7 20.Qe2 Rce8 21.Nc2 f4 22.f3 h5
23.Rd2 Rf6 24.Qd1 Ref8 25.Rg2 Qc6 26.g4 hxg4 27.Rxg4 Kf7 28.Rf2 Rh8 29.Qe2 Rfh6
30.Qe4 Qxe4 31.dxe4 Bf6 32.Rd2 Ke7 33.Ne1 Rh3 34.a3 Ng5 35.Rd3 Rxh2 36.Ng2 R2h3
37.Ne1 Rh1+ 38.Kf2 R8h2+  0-1

[Event "Mondorf op"]
[Site "Mondorf"]
[Date "1991.??.??"]
[Round "4"]
[White "Skripchenko, Almira"]
[Black "Zimmer, Ralph"]
[Result "1-0"]
[WhiteElo "2125"]
[BlackElo "2240"]

1.e4 c5 2.Nf3 d6 3.Bb5+ Nc6 4.O-O Bg4 5.c3 Qb6 6.Be2 Nf6 7.d3 e6 8.Nbd2 Be7
9.h3 Bh5 10.Nh2 Bxe2 11.Qxe2 O-O 12.Kh1 Qc7 13.f4 Rfe8 14.g4 Nd7 15.Ndf3 Bf8
16.g5 d5 17.Ng4 b5 18.Rg1 Kh8 19.Qf2 c4 20.exd5 exd5 21.d4 Bd6 22.Nfe5 Nf8
23.Nxc6 Qxc6 24.f5 Re4 25.Qh4 Qd7 26.Qf2 Rae8 27.Be3 Qd8 28.Rae1 Nd7 29.Qf3 Bf4
30.h4 Qe7 31.Bf2 Bd2 32.Ref1 Bf4 33.f6 gxf6 34.gxf6 Qe6 35.Be1 Be3 36.Rg2 Rf4
37.Qe2 Rxf1+ 38.Qxf1 Bxd4 39.cxd4 Qxe1 40.Qxe1 Rxe1+ 41.Kh2 Re8 42.Nh6 Rf8
43.Rg8+  1-0

[Event "Mondorf op"]
[Site "Mondorf"]
[Date "1991.??.??"]
[Round "6"]
[White "Wians, Camille"]
[Black "Gurevich, Vladimir"]
[Result "1/2-1/2"]
[WhiteElo "2285"]
[BlackElo "2440"]

1.e4 c5 2.Nf3 d6 3.Bb5+ Bd7 4.a4 a6 5.Bxd7+ Nxd7 6.O-O Ngf6 7.d4 Nxe4 8.d5 Nef6
9.Re1 g6 10.Bf4 Nb6 11.Nc3 Bg7 12.a5 Nc4 13.Qe2 Ne5 14.Nxe5 dxe5 15.Bxe5 O-O
16.Qf3 Re8 17.Rad1 Nh5 18.Bxg7 Kxg7 19.Ra1 Nf6 20.Ne4 Nxe4 21.Qxe4 e6 22.dxe6 Rxe6
23.Qxb7 Qxa5 24.Rf1  1/2-1/2

[Event "FRA-ch Acc"]
[Site "Montpellier"]
[Date "1991.??.??"]
[Round "1"]
[White "Parmentier, Xavier"]
[Black "Vuillerme, F."]
[Result "1-0"]
[WhiteElo "2245"]
[BlackElo "2040"]

1.e4 c5 2.Nf3 d6 3.Bb5+ Nc6 4.d4 cxd4 5.Qxd4 Qd7 6.Bxc6 Qxc6 7.Nc3 e5 8.Qd3 Be6
9.b3 Rc8 10.Bb2 Nf6 11.O-O a6 12.a4 Be7 13.Ng5 Bd7 14.f4 exf4 15.Kh1 Ng4
16.Nh3 Bf6 17.e5 Nxe5 18.Qe4 g5 19.Nd5 Bg7 20.Nxg5 Qxc2 21.Qd4 Bc6 22.Rac1 Qg6
23.Qxf4 Bh6 24.Nf6+ Ke7 25.Bxe5 Bxg5 26.Bxd6+ Kd8 27.Be7+ Kxe7 28.Qb4+ Ke6
29.Rce1+  1-0

[Event "FRA-ch (Women)"]
[Site "Montpellier"]
[Date "1991.??.??"]
[Round "2"]
[White "Muller, Anne"]
[Black "Mora, Virginie"]
[Result "1/2-1/2"]
[WhiteElo "2010"]
[BlackElo "1740"]

1.e4 c5 2.Nf3 d6 3.Bb5+ Bd7 4.Bxd7+ Qxd7 5.O-O Nc6 6.c3 e6 7.Qe2 Nf6 8.Rd1 Be7
9.d4 cxd4 10.cxd4 d5 11.e5 Ne4 12.Ne1 f5 13.exf6 Bxf6 14.Nf3 O-O 15.Nc3 Nxc3
16.bxc3 Na5 17.Re1 Rfe8 18.Bg5 Qf7 19.Bxf6 gxf6 20.Nh4 Nc4 21.Rad1 Rac8 22.Rd3 Kh8
23.Rh3 Nd6 24.Rc1 Rg8 25.Rc2 Rc4 26.Re3 Re8 27.g3 Rc6 28.Qd3 Rec8 29.f3 Nc4  1/2-1/2

[Event "FRA-ch Acc"]
[Site "Montpellier"]
[Date "1991.??.??"]
[Round "3"]
[White "Pellaton, Bernard"]
[Black "Brochet, Philippe"]
[Result "1-0"]
[WhiteElo "2110"]
[BlackElo "2245"]

1.e4 c5 2.Nf3 d6 3.Bb5+ Bd7 4.Bxd7+ Qxd7 5.O-O Nc6 6.d4 cxd4 7.Nxd4 Nf6 8.f3 g6
9.Be3 Bg7 10.c4 O-O 11.Nc3 Rfc8 12.b3 Ne8 13.Rc1 Nc7 14.Qd2 Ne6 15.Nde2 Ne5
16.h3 Qd8 17.Nd5 Nc7 18.f4 Nd7 19.Rcd1 Nc5 20.Ng3 b5 21.cxb5 Nxb5 22.f5 Nd7
23.fxg6 hxg6 24.Bg5 f6 25.Be3 a5 26.Nf4 Kh7 27.a4 Nc7 28.Qe2 Qe8 29.h4 Bh6
30.h5 Bxf4 31.Bxf4 Ne6 32.Be3 Rc3 33.hxg6+ Qxg6 34.Nf5 Ng7 35.Rf4 Nxf5 36.exf5 Qg5
37.Rf3 Rxe3 38.Rxe3 Ne5 39.Rh3+ Kg7 40.Qf2 Ng4 41.Qf3 Rb8 42.Re1 Ne5 43.Qg3 Rb4
44.Qxg5+ fxg5 45.Rd1 Nd7 46.Re1 Nc5 47.Rxe7+ Kf6 48.Ree3 Kxf5 49.Rhf3+ Kg6
50.Rc3 g4 51.Rfe3 Kf5 52.Kf1 Ne4 53.Rc8 Nd2+ 54.Ke1 Nxb3 55.Rf8+ Kg5 56.Rd3 Re4+
57.Kf2 Nc5 58.Rxd6 Nxa4 59.Rd5+ Kg6 60.Rxa5 Nc3 61.Rg8+ Kf7 62.Rc8 Nd1+ 63.Kg3 Ne3
64.Rc6 Re7 65.Kf2 Nd1+ 66.Kg3 Ne3 67.Ra3 Kg7 68.Rd3 Kh8 69.Rcc3 Nf1+ 70.Kxg4 Rg7+
71.Kf3 Nh2+ 72.Kf2 Ng4+ 73.Ke2 Re7+ 74.Kd2 Kh7 75.Rh3+ Kg6 76.Rhg3 Kf5 77.Rcf3+ Kg5
78.Rf8 Rg7 79.Rd8 Kf4 80.Rf3+ Kg5 81.Rd5+ Kh6 82.Rff5 Kh7 83.Rg5 Nf6 84.Rxg7+ Kxg7
85.Ra5  1-0

[Event "FRA-ch (Women)"]
[Site "Montpellier"]
[Date "1991.??.??"]
[Round "4"]
[White "Coudray, Carine"]
[Black "Mora, Virginie"]
[Result "1/2-1/2"]
[WhiteElo "2020"]
[BlackElo "1740"]

1.e4 c5 2.Nf3 d6 3.Bb5+ Bd7 4.Bxd7+ Qxd7 5.O-O Nc6 6.Re1 e6 7.c3 Be7 8.d4 cxd4
9.cxd4 Nf6 10.Nc3 O-O 11.d5 exd5 12.Nxd5 Nxd5 13.exd5 Na5 14.Qd3 Rac8 15.Bg5 Bd8
16.Bxd8 Qxd8 17.b3 a6 18.Re4 Qf6 19.Rae1 Qc3 20.Qxc3 Rxc3 21.Nd4 g6 22.Kf1 Kg7
23.Ke2 b5 24.Kd2 Rc5 25.Re7 Rxd5 26.Ke3 Re5+ 27.Rxe5 dxe5 28.Nf3 f6 29.Rc1 Rf7
30.Ke4 Rd7 31.g4 h6 32.h4 g5 33.h5 Kf7 34.Rc8 Kg7 35.Rc1  1/2-1/2

[Event "FRA-ch Acc"]
[Site "Montpellier"]
[Date "1991.??.??"]
[Round "6"]
[White "Lagunes, Jean Renaud"]
[Black "Doornbos, Yann"]
[Result "0-1"]
[WhiteElo "2205"]
[BlackElo "1920"]

1.e4 c5 2.Nf3 d6 3.Bb5+ Nd7 4.O-O Nf6 5.Re1 a6 6.Bf1 b5 7.c4 bxc4 8.Qa4 Rb8
9.Bxc4 e6 10.a3 Bb7 11.d3 Qc7 12.Bd2 Be7 13.Ba5 Qc8 14.Nbd2 O-O 15.b4 Re8
16.Rac1 Bc6 17.Qc2 Qb7 18.Ba2 Rbc8 19.Rb1 cxb4 20.Qd1 Bb5 21.Bxb4 Bxd3 22.Rb2 a5
23.Bc3 Qa8 24.Bxf6 Bxf6 25.e5 Nxe5 26.Rb6 Qa7 27.Nxe5 Bxe5 28.Rb3 Bc3  0-1

[Event "FRA-ch Acc"]
[Site "Montpellier"]
[Date "1991.??.??"]
[Round "8"]
[White "Fievet, Patrick"]
[Black "Vuillerme, F."]
[Result "1-0"]
[WhiteElo "2270"]
[BlackElo "2040"]

1.e4 c5 2.Nf3 d6 3.Bb5+ Nc6 4.Bxc6+ bxc6 5.d3 e5 6.O-O g6 7.Bg5 f6 8.Be3 Bg7
9.Qd2 f5 10.exf5 gxf5 11.Bg5 Nf6 12.Bh6 Rg8 13.Bxg7 Rxg7 14.Re1 Kf8 15.Nc3 Ng4
16.Ne2 f4 17.b4 Qf6 18.bxc5 d5 19.Rab1 Qg6 20.g3 Qh6 21.Rb4 a5 22.Ra4 Rf7
23.gxf4 exf4 24.Rxf4 Qg6 25.Rxf7+ Qxf7 26.Qf4 Qxf4 27.Nxf4 Rb8  1-0

[Event "FRA-ch Acc"]
[Site "Montpellier"]
[Date "1991.??.??"]
[Round "8"]
[White "Belkhodja, Slim"]
[Black "Saucey, Michel"]
[Result "1-0"]
[WhiteElo "2395"]
[BlackElo "2255"]

1.e4 c5 2.Nf3 d6 3.Bb5+ Bd7 4.Bxd7+ Qxd7 5.c4 Nc6 6.d4 cxd4 7.Nxd4 Nf6 8.Nc3 Nxd4
9.Qxd4 e6 10.O-O Be7 11.Bg5 O-O 12.Rad1 Rfd8 13.e5 Ne8 14.Ne4 Bxg5 15.Nxg5 h6
16.Ne4 d5 17.cxd5 Qxd5 18.Qxd5 exd5 19.Nc5 Nc7 20.f4 Rab8 21.Rf2 Na6 22.Nxa6 bxa6
23.Rfd2 g6 24.b3 Rb5 25.Kf2 Kf8 26.Ke3 Rc5 27.Kd4 Rc6 28.Rd3 Rc2 29.R1d2 Rc1
30.Rc3 Re1 31.g3 Re4+ 32.Kd3 g5 33.Rf2 gxf4 34.gxf4 f6 35.Rc7 fxe5 36.fxe5+ Kg8
37.Rg2+ Kf8 38.Rg6 Rxe5 39.Rxh6 Kg8 40.Rxa7 d4 41.Raxa6 Re3+ 42.Kd2 Kg7 43.Rhd6 Rde8
44.Ra7+ Kf8 45.Rxd4 Re2+ 46.Kc3 Rxh2 47.Kb4 Rh3 48.Ka4 Rb8  1-0

[Event "Russian Winter op"]
[Site "Moscow"]
[Date "1991.??.??"]
[Round "?"]
[White "Shabanov, Yuri"]
[Black "Kaspi, Alexander"]
[Result "1/2-1/2"]
[WhiteElo "2410"]
[BlackElo "2390"]

1.e4 c5 2.Nf3 d6 3.Bb5+ Bd7 4.Bxd7+ Qxd7 5.O-O Nc6 6.c4 g6 7.d4 cxd4 8.Nxd4 Bg7
9.Nc2 Rc8 10.Qe2 Ne5 11.Nba3 Nf6 12.f3 O-O 13.Be3 a6 14.Rac1 Qc7 15.Nd4 Nfd7
16.Rfd1 Nc6 17.Nac2 Qa5 18.a3 Nde5 19.b3 Nxd4 20.Bxd4 b5 21.f4 Nc6 22.Bxg7 Kxg7
23.b4 Qa4 24.cxb5 axb5 25.Qe3 Kg8 26.h4 h5 27.Ne1  1/2-1/2

[Event "Russian Winter op"]
[Site "Moscow"]
[Date "1991.??.??"]
[Round "?"]
[White "Kuzmina, C C."]
[Black "Tataev, Manach"]
[Result "1/2-1/2"]
[WhiteElo "2120"]
[BlackElo "2275"]

1.e4 c5 2.Nf3 d6 3.Bb5+ Bd7 4.Bxd7+ Qxd7 5.O-O Nc6 6.c4 g6 7.d4 cxd4 8.Nxd4 Bg7
9.Be3 Nh6 10.f3 f5 11.Nc3 O-O 12.Qd2 Nf7 13.Rad1 e6 14.Ndb5 Rfd8 15.c5 Na5
16.Qe2 Qc6 17.exf5 exf5 18.Nd5 Kh8 19.b4 dxc5 20.bxa5 c4 21.Nbc3 Ne5 22.Nb4 Qc7
23.Rxd8+ Rxd8 24.Rd1 Nd3 25.Nxd3 cxd3 26.Rxd3 Rxd3 27.Qxd3 Bxc3 28.Bd4+ Bxd4+
29.Qxd4+ Kg8 30.Qd5+ Kg7 31.Kf2 a6 32.Ke3 Kh6 33.h3 Qc1+ 34.Kd4 Qg1+ 35.Ke5 Qxg2
36.Qxb7 Qxh3 37.f4 Qd3 38.Qh1+ Kg7 39.Qb7+ Kg8 40.Qc8+ Kf7 41.Qe6+ Kf8 42.Qc8+ Kf7
43.Qb7+ Kf8 44.Qc8+ Kg7 45.Qb7+ Kh6 46.Qh1+ Kg7 47.Qb7+ Kg8 48.Qb3+ Qxb3
49.axb3 Kf7 50.b4 Ke7 51.b5 Kd7 52.b6  1/2-1/2